000 00609nam a2200241 a 4500
001 nice12345678
003 IN_TiNIC
005 20260116012158.0
008 050524s1908 laha grp 000 0 urd
020 _a
_c100
082 0 0 _a232.1
_bHOW
100 _aHowell, Thomas
245 _aKhuda Ka Tajassum-O-Khudawand Almasih Ki Uluhiyyat Ke Saboot
260 _aLahore
_bNool Kishor Press
_c1908
300 _a40p
500 _aincludes index and biblioraphy
505 2 _aThesis
650 _aJesus Christ-Divinity
700 1 _aHowell, Thomas
902 _bRHR
942 _cBK
999 _c5958
_d5958